000 00496nam a2200181Ia 4500
005 20250508152444.0
008 008 250505s9999 xx 000 0 eng d
037 _aTextual
040 _aFEDL
_beng
_cFEDL
041 _aeng
_2eng
084 _a793.31054, BAN
_qFEDL
100 _aBanerji Projesh
_93086
245 0 _aFolk-dance of India
260 _aAllahabad, India
_bKitabistan
_c1959
300 _a206p.
942 _cTEXL
_h793.31054, BAN
999 _c1336530
_d1336530